| 000 | 00389nam a2200181Ia 4500 | ||
|---|---|---|---|
| 100 | _aLiu Yu Cheng | ||
| 650 | _aMicrocomputer | ||
| 250 | _a2 | ||
| 942 | _cBK | ||
| 366 | _f20 | ||
| 654 | _amicrocomputer | ||
| 245 | _aMicrocomputer system | ||
| 260 |
_bPrentice Hall of India _aNew Delhi _c2008 |
||
| 082 |
_a004.256/LIU _bLIU |
||
| 300 | _a623 | ||
| 546 | _aENGLISH | ||
| 999 |
_c17991 _d17991 |
||